export_success — 

Raising awareness on NEPAD through the media : a compilation of papers /

Saved in:
Bibliographic Details
Corporate Author: Human Rights Trust of Southern Africa.
Other Authors: Matsheza, Philliat., Kututwa, N.
Format: Book
Language:English
Published: Harare : Human Rights Trusts of Southern Africa, 2005.
Subjects:
Tags: Add Tag
No Tags, Be the first to tag this record!
LEADER 01065aam a2200301 a 4500
001 010250868-2
005 20070207145924.0
008 060907s2005 rh a b 000 0 eng
010 |a  2006318540 
020 |a 1779210264 
035 0 |a ocm76787083 
040 |a DLC  |c DLC 
042 |a lcode 
043 |a fb----- 
050 0 0 |a JQ1875  |b .R35 2005 
245 0 0 |a Raising awareness on NEPAD through the media :  |b a compilation of papers /  |c edited by Philliat Matsheza and Noel Kututwa. 
260 |a Harare :  |b Human Rights Trusts of Southern Africa,  |c 2005. 
300 |a viii, 61 p. :  |b ill. ;  |c 28 cm. 
500 |a "Open Society Initiative for Southern Africa; CIDA"--Cover. 
504 |a Includes bibliographical references. 
610 2 0 |a New Partnership for Africa's Development. 
650 0 |a Mass media  |x Political aspects  |z Africa, Sub-Saharan. 
650 0 |a Corruption  |z Africa, Sub-Saharan  |x Prevention. 
700 1 |a Matsheza, Philliat. 
700 1 |a Kututwa, N.  |q (Noel) 
710 2 |a Human Rights Trust of Southern Africa. 
988 |a 20070222 
906 |0 DLC